000
00308nam a22001337a 4500
008
171106b xxu||||| |||| 00| 0 eng d
020
_a
9780324186208
041
_a
eng
080
_a
330.722.6
100
_a
61
101
_a
kon
245
_a
INTERNATIONAL ACCOUNTING
_c
SHAUDAGARAN, SH.M
942
_2
udc
_c
BK
999
_c
37887
_d
37887